History Quiz

Random History Quiz

The Rooms of the Roman House Quiz Stats

 Plays Quiz not verified by Sporcle

Challenge
Share
Tweet
Score 0/12 Timer 03:00
0 Plays Today
% Correct
ianua
79.4%
compluvium
79.4%
impluvium
79.4%
atrium
61.8%
tablinum
47.1%
cubiculum
44.1%
lararium
41.2%
peristylium
41.2%
culina
41.2%
latrina
38.2%
triclinium
35.3%
hortus
32.4%

You're not logged in!

Compare scores with friends on all Sporcle quizzes.
Join for Free
OR
Log In

You Might Also Like...

Show Comments

Extras

Created Dec 1, 2015ReportNominate

Top Quizzes Today


Score Distribution

Your Account Isn't Verified!

In order to create a playlist on Sporcle, you need to verify the email address you used during registration. Go to your Sporcle Settings to finish the process.

Report this User

Report this user for behavior that violates our Community Guidelines.

Details: